00313nam a2200145Ia 45000030006000000080041000060400015000471000020000622450033000822500006001152600009001213000006001305460014001360050017001500STCL150530s9999 xx 000 0 und d aSTCLcSTCL aKrishna Warrior aSree Mahabharatham:Adiparvam a2 c1955 a0 aMalayalam20220125170741.0